000 00234nam a2200085Ia 4500
008 170617s9999 xx 000 0 und d
100 _aSingh INDERVEER
245 0 _aHandbook of anatomy physiology for nurses GNM Student
260 _bJAYPEE BROTHERS
260 _c2015
999 _c12990
_d12990